000 02957cam a22006254i 4500
003 PE-LiUPU
005 20250731170418.0
008 17073 s2012 mau r 001 0 eng d
020 _a9004233504
020 _a9789004233508
035 _a(Sirsi) a237851
040 _aPE-LiUPU
_bspa
_cPE-LiUPU
_erda
049 _aPRUA
082 0 4 _a181.06
_bE5
_223
245 0 0 _aEncountering the medieval in modern Jewish thought /
_cedited by James A, Diamond and Aaron W. Hughes.
264 1 _aLeiden ;
_aBoston :
_bBrill,
_c2012.
300 _a335 páginas ;
_c25 centimetros.
336 _atext
_2rdacontent
337 _aunmediated
_2rdamedia
338 _avolume
_2rdacarrier
490 0 _aSupplements to the Journal of Jewish thought and philosophy ;
_vv. 17
504 _aÍndices: páginas 325-335.
505 0 _a"Medieval" and the politics of nostalgia : ideology, scholarship, and the creation of a rational jew -- Hughes -- On the possibility of a hidden Christian will : methodological pitfalls in the study of medieval Jewish philosophy -- Lessing in Jerusalem : modern religion, medieval orientalism, and the idea of perfection -- R. Abraham Isaac Kook and Maimonides : a contemporary mystic's embrace of medieval rationalism -- On myth, history, and the study of Hasidism : Martin Buber and Gershom Scholem -- What S.Y. Agnon taught Gershom Scholem about Jewish history -- Constructed and denied: "the Talmud" from the Brisker Rav to the Mishneh Torah -- Escaping the scholastic paradigm : the dispute between Strauss and his contemporaries about how to approach Islamic and Jewish medieval philosophy -- Justifying philosophy and restoring revelation : assessing Strauss's medieval return -- Echo of the otherwise: ethics of trandscendence and the lure of theolatry.
526 _aSEG68
526 _aSEG70
526 _aSEG69
526 _aSEG67
526 _aSEG43
526 _aP144
526 _aP143
526 _aP131
526 _aP122
526 _aP120
526 _aP117
526 _aP112
526 _aP110
526 _aP106
526 _aP101
526 _aP80
526 _aP59
526 _aP54
526 _aP35
526 _aP33
526 _aP30
650 0 _aFilosofía judía.
650 0 _aJudaísmo
_xHistoria
_yMedieval y período moderno temprano, 425-1789.
650 0 _aFilosofía, Medieval.
910 _ajck
_bjvq
_cjpc
_d2017073
942 _2ddc
_cBOOK
949 _a181.06 E5
_wDEWEY
_c1
_i76423
_lCATALOGING
_mBUL
_p137.00
_r0
_sY
_tBOOK
_u2017-07-3
_xTEOLOGÍA
_zTEOLOGÍA
_0COMPRA
_o.CIRCNOTE. El documento es de alto precio.
_o.STAFF. Colección Teología
994 _aC0
_bPEPRU
596 _a1
999 _a181.06 E5
_wDEWEY
_c24551
_i76423
_f2021-11-9
_g4
_lCCODEBUL1
_mBUL
_p137.00
_r0
_sY
_tBOOK
_u2017-7-3
_xTEOLOGIA
_PP35
_0COMPRA
_o.STAFF. Colección Teología
_d24551
980 _81
_gALBERTO SANCHEZ Responsable de Automatización